000 00654nam a2200241Ia 4500
003 OSt
005 20220925215222.0
006 a|||||r|||| 00| 0
007 ta
008 220923b |||||||| |||| 00| 0 eng d
037 _cGeneral Book
040 _aRTL
_cRTL
_beng
041 _2eng
_aeng
082 _aB9, M3
100 _aHadingham Evan
_9282404
245 0 _aEarly man and the cosmos
260 _aLondon
_bHeinemann
_c1983
300 _ax,271p
_ccm.
500 _aBibliography: P 257-268; Glossary: P 251-255
650 _aAstronomy
_9172043
942 _hB9, M3
_cGB
_2CC
999 _c568229
_d568229